00860nam a22002297a 4500003000900000005001700009008003700026020001500063040002200078082001600100100001700116245018400133260006800317300003000385490003200415700002200447700002600469700002800495700004100523700003500564830003100599DO-SdBNP20171206095039.0161031b 1996 xxu a 00| 0 spa d a0673758656 aBPMSUbspacBPMSU axxxxbM163p1 aMclean, Anne10aUn paseo en autobús /cAnne Mclean ; ilustraciones Leslie Wolf ; adaptación Raúl Almada ; traducción Patricia Almada, Mercedes Quintana Barragán, Natalia Ruano Martinez  aEstados Unidos : bCelebration Press, bScott Foresman, c1996. a24 p. : bil. ; c18 cm. 1 aPequeñitas celebraciones 12aWolf, Leslieeil.12aAlmada, Raúleadap.12aAlmada, Patriciaetrad.12aQuintana Barragán, Mercedesetrad.12aRuano Martinez, Nataliaetrad. 0aPequeñitas celebraciones